Hanak, Anton

Titel: Hanak, Anton / Wolfgang Schulz
Verfasser:
In: Ostdeutsche Gedenktage, (2009), Seite 33-37
alle Artikel anzeigen
Veröffentlicht: 2010
Format: Aufsatz
Sprache: Deutsch
Schlagworte:
Kein Bild verfügbar
X
alg: 42525033
001A    $03025:26-01-18 
001B    $01999:26-01-18 $t23:10:01.000 
001C    $03025:26-01-18 $t12:55:09.000 
001D    $03025:26-01-18 
001U    $0utf8 
001X    $00 
002@    $0Aou 
002C    $aText $btxt $2rdacontent 
002D    $aohne Hilfsmittel zu benutzen $bn $2rdamedia 
002E    $aBand $bnc $2rdacarrier 
003@    $0425250334 
007A    $0425250334 $aHEB 
010@    $ager 
010E    $erda 
011@    $a2010 
021A    $aHanak, Anton $hWolfgang Schulz 
028A    $BVerfasser $#Schulz, W. $4aut $7 $8Schulz, Wolfgang [Tnd] $9138307733 
031A    $h33-37 $j2009 
039B    $aEnthalten in $8--Abvc--. Ostdeutsche Gedenktage. - Bonn : Kulturstiftung der Vertriebenen, 1965-[2018] $x200900000000000967 $9047761881 
044K    $RPrimavesi, Otto $7118701312 $8Hanak, Anton$Z1875-1934 [Tp1] $9087042126 
045T    $a8,1 

lok: 42525033 78

exp: 42525033 78 1 #EPN
201B/01 $031-01-18 $t11:22:38.000 
201C/01 $026-01-18 
201U/01 $0utf8 
203@/01 $01016445008 
208@/01 $a26-01-18 $be 
209A/01 $a/ $f000 $x00 
209A/01 $ab*p $x01 
220C/01 $aeja 
244Z/01 $#Sculptors $#Sculpteurs $#Scultori $#Plastiker $74139550-5 $8--Ts1--Bildhauer $x01 $9085531677 
244Z/01 $#Böhmische Kronländer $#Länder der Böhmischen Krone $#Sudetenland $#Böhmen $#Mähren $#Mährisch-Schlesien $#Österreichisch-Schlesien $#Tschechische Sozialistische Republik Böhmische Länder $#Tschechei Böhmische Länder $#Země koruny české $74069573-6 $8--Tg1--Böhmische Länder $x03 $9085195553 
247C/01 $82080>Marburg/Lahn, Herder-Institut, Forschungsbibliothek, Bibliographieportal $9336309341
LEADER 00000caa a2200000 c 4500
001 425250334
003 DE-603
005 20180126231001.0
007 tu
008 180126s2010 xx |||| | u00||u|ger c
035 |a (DE-599)HEB425250334 
040 |a DE-603  |b ger  |c DE-603  |d DE-603  |e rda 
041 |a ger 
084 |a 8,1  |2 ssgn 
100 1 |a Schulz, Wolfgang  |e Verfasser  |4 aut  |0 (DE-603)138307733 
245 0 0 |a Hanak, Anton  |c Wolfgang Schulz 
264 0 |c 2010 
336 |a Text  |b txt  |2 rdacontent 
337 |a ohne Hilfsmittel zu benutzen  |b n  |2 rdamedia 
338 |a Band  |b nc  |2 rdacarrier 
600 1 7 |a Hanak, Anton  |d 1875-1934  |0 (DE-588)118701312  |0 (DE-603)087042126  |2 gnd 
773 0 8 |i Enthalten in  |t Ostdeutsche Gedenktage  |d Bonn : Kulturstiftung der Vertriebenen, 1965-[2018]  |g (2009), Seite 33-37  |w (DE-603)047761881  |w (DE-600)521278-9 
924 0 |9 2080  |a (DE-603)1016445008  |b DE-2080  |c HES  |d d  |g /